MDQL
is popping MORE tags! Check the
thread
!
Quizzes
Events
Quiz Creation
Community
Videos
Private Events
Remove Ads
Sign In
Join for FREE
Feedback
Dark Mode
Quiz Categories
Sports
Geography
Music
Movies
Television
Just For Fun
Miscellaneous
History
Literature
Language
Science
Gaming
Entertainment
Religion
Holiday
For Kids
Quiz Lab
Recent
Popular Today
Quiz Kudos Today
Editor Picks
Curator Picks
Quizzes by...
Day
Popularity
Type
Ratings
Length
Year
Community
Subscriptions
Recent Discussions
Orange Saloon
Badges
Playlists
Quests
Create
Leaderboards
Showdown
Live 5
Trivia Bingo
Activity
Puzzle Library
Sporcle Events
Private Events
Virtual Trivia
Globe League
Become a Host
Pub Owners
SporcleCon
Opinionation
Our Games
Videos
Blog
Mobile Apps
Partnerships
Remove Ads and Go Orange
Feedback
Music
Pop Music
The Beatles
Song
Album
Lyrics
Bands
Singers
Artist
Clip
Rock
Rap
Classical
Billboard
Country Music
Kpop
Taylor Swift
Music
Pop Music
The Beatles
Song
Album
Lyrics
Bands
Singers
Artist
Clip
Rock
Rap
Classical
Billboard
Country Music
Kpop
Taylor Swift
Random Quiz
Search Sporcle
×
Quiz Lab
Quiz Lab
Music
Pop Music
Type in answers that appear in a list
Type in answers that appear in a list
Classic
Best Score? Go Orange.
100 best-selling pop artists Stats
Can you name the 100 best-selling pop artists?
By
Claret
12m
100 Questions
515 Plays
515 Plays
515 Plays
Comments
Comments
Give Quiz Kudos
Give Quiz Kudos
-
- Ratings
hide this ad
More Info
Replay
Link that replays current quiz
Next Quiz
Link to next quiz in quiz playlist
You Got
0%
They Got
Avg Score
39%
Avg Friend Score
Upgrade to see
Score Distribution
Jump to the score distribution portion of the page
Score
0/100
Timer
12:00
0
Plays Today
Answer
% Correct
Michael Jackson
86%
The Beatles
80.6%
Janet Jackson
76.5%
Madonna
73.6%
Elvis Presley
73.4%
Beyonce
72.6%
Elton John
71.8%
Taylor Swift
65.4%
The Rolling Stones
64.1%
Olivia Newton-John
63.1%
Whitney Houston
62.3%
George Michael
61.2%
Rihanna
60.6%
Mariah Carey
59.6%
Britney Spears
58.6%
Prince
58.3%
Katy Perry
57.7%
Adele
57.1%
Queen
55.5%
Eminem
54.6%
Lady Gaga
54%
Celine Dion
51.5%
U2
51.3%
Pink Floyd
50.5%
Justin Bieber
50.1%
ABBA
49.5%
Led Zeppelin
49.5%
JAY Z
48.7%
AC DC
48.2%
Backstreet Boys
47%
Kanye West
47%
David Bowie
46.2%
Eagles
46.2%
James Taylor
45.6%
Answer
% Correct
Bee Gees
43.1%
Billy Joel
42.9%
Stevie Wonder
42.5%
The Who
42.1%
Bob Dylan
42.1%
Paul McCartney & Wings
41.9%
The Beach Boys
41.7%
Frank Sinatra
41.7%
Metallica
41.6%
Bruce Springsteen
40.8%
Phil Collins
40.4%
Bon Jovi
40.2%
Robbie Williams
39%
Guns N' Roses
38.6%
Fleetwood Mac
38.4%
Aerosmith
37.9%
Spice Girls
37.5%
Coldplay
37.3%
Tina Turner
37.3%
Cher
37.3%
Rod Stewart
35.5%
Garth Brooks
35.3%
The Supremes
34.8%
Tom Jones
34.2%
Barbra Streisand
34.2%
Genesis
33.8%
Bruno Mars
32%
The Doors
31.8%
Johnny Cash
31.7%
Lionel Richie
31.3%
Shania Twain
30.9%
Duran Duran
30.7%
Van Halen
30.3%
Barry White
28.5%
Answer
% Correct
Neil Diamond
27.8%
REM
27.6%
Def Leppard
27.2%
Chicago
27.2%
Bryan Adams
26.8%
Kenny Rogers
26.8%
The Black Eyed Peas
26%
Kylie Minogue
26%
Tom Petty
25%
Santana
25%
Donna Summer
25%
Dire Straits
24.5%
Barry Manilow
23.3%
Foreigner
23.3%
Cliff Richard
23.3%
Earth, Wind & Fire
22.1%
Iron Maiden
21.4%
Julio Iglesias
21.2%
Bing Crosby
20.4%
Deep Purple
18.8%
Depeche Mode
18.6%
George Strait
18.3%
Carpenters
17.9%
Lil Wayne
17.5%
Meat Loaf
17.3%
Enya
14.8%
Pet Shop Boys
14.8%
Linda Ronstadt
14.2%
Reba McEntire
13.4%
Status Quo
12%
Engelbert Humperdinck
11.7%
The Dave Clark Five
10.3%
Quiz Playlist
Details
Report
Send in Message
Add To Playlist
More Info:
compiled by BBC Radio 2 and broadcast in UK over November to December 2016. Acts/artists are comprised from UK and US charts from 1950-2016.
Classic:
Type in answers that appear in a list
Last Updated: Feb 16, 2017
Quiz Scoreboard
CHALLENGE
Sign Up to Join the Scoreboard
Show All
Scores
Hide
Comments
May contain spoilers
Recently Published
5x2 Blitz: Bands
by SL_Kpop136
Music
30s
Colored Red Africa Blitz
by spor1
Geography
30s
Find the 'City' Movie
by crazypaving
Movies
60s
More to Explore
Quiz From the Vault
Featured Blog Post
14 Easter Pick-up Lines to Find Eggs With
hide this ad
You Might Also Like...
Tags
Artist Quiz
Pop Music Quiz
100
Today's Top Quizzes in Music
Browse Music
hide this ad
Today's Top Quizzes in Pop Music
Browse Pop Music
Top Contributed Quizzes in Music
1
5X2 Blitz: Bands II
2
5X2 Blitz: The Beatles
3
Taylor Swift All Songs (2024)
4
5X2 Blitz: Billboard
5
Taylor Swift Logic Puzzle II
6
5X2 Blitz: Billboard II
7
Taylor Swift Logic Puzzle
8
5X2 Blitz: Rock
9
5X2 Blitz: Singers
10
5X2 Blitz: Album
Explore More
Trending Topics
Harry Potter
Marvel
Disney
Anime
NBA
Kpop
Crossword
WWE
Song
Country
Puzzle
The Office
NFL
Pokémon
Soccer
hide this ad
More By:
Claret
Quiz
Plays
Rating
Category
Featured
Created
'America' Lyrics - West Side Story
1,307
4.20
Music
Mar 13, 2016
100 best-selling pop artists
515
2.50
Music
Jan 2, 2017
Commonest Baby Girls' Names starting with a Vowel
294
5.00
Miscellaneous
Jun 4, 2015
'Secret Love' Lyrics (Calamity Jane)
203
5.00
Music
Mar 17, 2016
Lyrics 'Windy City'
188
Music
Mar 17, 2016
Go to Creator's Profile
Score Distribution
Quiz Creator Spotlight
Claret
Follow
Send a Message
Quizzes Created
-
Created Quiz Play Count
-
More By This Creator
Popular Quizzes Today
1
Colored Red Africa Blitz
2
Find the 'City' Movie
3
5x2 Blitz: Bands
4
Find the US States - No Outlines Minefield
5
The Countries of the World
6
Find the US States
7
US States
8
Find the Countries of Europe - No Outlines Minefield
More Music Quizzes
Rock Around the Clock at 60
Editor's Pick
Trending Quizzes
Colored Red Europe Blitz I
Colored Red Europe Blitz II
Colored Red Africa Blitz II
Colored Red Europe Blitz III
Colored Red Africa Blitz III
Recently Updated
How Do You Spell That?
pecheneg
Godzilla Movies
pecheneg
Grab Bag: 4-10 Letters
pecheneg
2024 March Madness Bracket
pecheneg
Famous TV Couples
Peacemaker
Champions League XIs: Real Madrid
pecheneg
Largest US Cities 1790-2010
pecheneg
Rides in Walt Disney World
pecheneg
Most Oscar Losses (Acting)
pecheneg
Beyoncé Albums
pecheneg
Trending Topics
Harry Potter
Disney
Marvel
Kpop
Anime
NBA
Crossword
The Office
Puzzle
NFL
Pokémon
Soccer
WWE
Song
Country
Your Account Isn't Verified!
In order to create a playlist on Sporcle, you need to verify the email address you used during registration. Go to your
Sporcle Settings
to finish the process.
Report this User
Report this user for behavior that violates our
Community Guidelines
.
Details:
Send Report
Go to the Sporcle.com Mobile Site →
Comments